000 02342cam a22002174a 4500
005 20250605164203.0
008 250528s ||||||||||||||||||||||||d
035 _a19809
020 _a9603590258
040 _aGR-AtMCL
_bgre
_dGR-AtMCL
_eAACR2
245 1 _aΕισαγωγή στη Χρηματοοικονομική Λογιστική / Λογιστικό Κύκλωμα: Τεύχος Γ'
250 _a
260 _bΕυγ. Μπένου,
_c1996
300 _a112
505 0 _aΓενικά, Ημερολόγιο και Ημερολογιακές Εγγραφές, Λογιστικά Σφάλματα, Ισοζύγιο Γενικού Καθολικού, Εγγραφές Προσαρμογής των Λογαριασμών, Ημερολογιακές Εγγραφές Προσδιορισμού του Λογιστικού Αποτελέσματος, Ημερολογιακές Εγγραφές Κλεισίματος και Ανοίγματος των Λογιστικών Βιβλίων, Φύλλο Εργασίας και Καταστάσεις Τέλους Χρήσης, Διόρθωση Λογιστικών Σφαλμάτων Προηγούμενων Χρήσεων, Αγγλοελληνικό Λεξιλόγιο Όρων Χρηματοοικονομικής Λογιστικής, Αλφαβητικό Ευρετήριο.
520 _aΓενικά, Ημερολόγιο και Ημερολογιακές Εγγραφές, Λογιστικά Σφάλματα, Ισοζύγιο Γενικού Καθολικού, Εγγραφές Προσαρμογής των Λογαριασμών, Ημερολογιακές Εγγραφές Προσδιορισμού του Λογιστικού Αποτελέσματος, Ημερολογιακές Εγγραφές Κλεισίματος και Ανοίγματος των Λογιστικών Βιβλίων, Φύλλο Εργασίας και Καταστάσεις Τέλους Χρήσης, Διόρθωση Λογιστικών Σφαλμάτων Προηγούμενων Χρήσεων, Αγγλοελληνικό Λεξιλόγιο Όρων Χρηματοοικονομικής Λογιστικής, Αλφαβητικό Ευρετήριο.
700 1 _aΒασιλατου - Θανοπουλου Ελλη
_95275
942 _cBK
999 _c5057
_d5057